| 000 | 00416nam a2200181Ia 4500 | ||
|---|---|---|---|
| 008 | 210210b1910 xxu||||| |||| 00| 0 eng d | ||
| 041 | _aeng | ||
| 082 | _a821/627 | ||
| 100 | _aSPENSER (E) | ||
| 245 | _aWorks morris and hales | ||
| 260 |
_aLondon _bMacmillan & Co. Ltd. _c1910 |
||
| 650 | _aWorks | ||
| 650 | _amorris | ||
| 650 | _ahales | ||
| 650 | _aand | ||
| 690 | _aEnglish Literature | ||
| 906 | _a011795 | ||
| 999 |
_c130502 _d130502 |
||